000 00434nam a2200181Ia 4500
001 4718
005 20260306145816.0
008 260306t2009||||xx |||||||||||||| ||spa||
041 _aESP
082 _a330.01
_bP26A
100 _aPark, Chan S.
_eAUT
245 0 _aFundamentos de ingeniería económica
260 _c2009
300 _axviii, 629 páginas :
_c25 cm.
650 _aGEN
654 _aCAN
942 _cLIB
_dJUS
_fJUS
_2ddc
_n
999 _c4718
_d4718